La educación: ¿Una barrera al desarrollo económico? (Registro nro. 24342)

Detalles MARC
000 -LEADER
fixed length control field 00349 a2200109 4500
001 - CONTROL NUMBER
control field ART_8362
005 - DATE AND TIME OF LATEST TRANSACTION
control field 20260410161844.0
008 - FIXED-LENGTH DATA ELEMENTS--GENERAL INFORMATION
fixed length control field 260409a
100 1# - MAIN ENTRY--PERSONAL NAME
Personal name Barkin, David
245 10 - TITLE STATEMENT
Title La educación: ¿Una barrera al desarrollo económico?
773 0# - HOST ITEM ENTRY
Title El trimestre económico
Related parts - Vol. XXXIII, Nº 152 (oct./dic. 1971)
Record control number REV6933

No hay ítems disponibles.